000 00842nam a2200253Ia 4500
003 OSt
005 20220923211005.0
006 a|||||r|||| 00| 0
007 ta
008 220922b |||||||| |||| 00| 0 hin d
020 _a8170166667 (hbk)
_c150
024 _a239,113
037 _b406, 23/03/2009, Swaraj Prakashan
_cTextual
040 _aARTS
_cARTS
_bhin
041 _2hin
_ahin
082 _aO152,3N23,RP, P4
100 _aरांगेय राघव
_9156914
245 0 _aराई और पर्वत
246 _aRāī aur parvata
260 _aनयी दिल्ली
_b किताबघर प्रकाशन
_c2004
300 _a148पृ.
_ccm.
942 _hO152,3N23,RP, P4
_cTEXL
_2CC
999 _c293615
_d293615